| 000 | 00767cam a2200229 4500 | ||
|---|---|---|---|
| 008 | 090401t1987 xxu||||| |||| 00| 0 eng d | ||
| 020 | _a0713450754 | ||
| 035 | _a(Sirsi) u25402 | ||
| 041 | _aeng | ||
| 050 | _a658.99 | ||
| 100 | _aRougvie, Alexander | ||
| 245 | _aProject evaluation and development | ||
| 260 |
_aLondon _bMitchell _c1987 |
||
| 300 | _a236p. : 22cm. | ||
| 350 | _a9.95 | ||
| 490 | _aAspects of Construction | ||
| 520 | _aPublished in association with the Chartered Institute of Building . Student oriented outline of the factors and problems involved in project appraisal, pre-construction process and project management. | ||
| 650 | _aPROJECT APPRAISAL | ||
| 650 | _aMANAGEMENT-PROJECT MANAGEMENT | ||
| 942 | _n0 | ||
| 948 | _c04/03/1997 | ||
| 999 |
_c88730 _d88730 |
||